00339nam a2200133Ia 4500008004100000020001800041100002000059245003500079250001100114260002900125300001500154650001700169650001900186191111s9999 xx 000 0 und d a9781474225281 aAmbrose, Gavin. cGavin Ambrose.--aTypography / a2nd ed aUSA :bBloomsburryc2017 a200 pages. aGraphic arts aGraphic design